Suite des quatre concordats / (Record no. 162526)

MARC details
000 -LEADER
campo de control de longitud fija 00565nam a22001575i 4500
001 - NÚMERO DE CONTROL
campo de control 162526
003 - IDENTIFICADOR DE NÚMERO DE CONTROL
campo de control ES-MaACL
005 - FECHA Y HORA DE LA ÚLTIMA TRANSACCIÓN
campo de control 20230906212539.0
008 - DATOS DE LONGITUD FIJA--INFORMACIÓN GENERAL
campo de control de longitud fija 991213s1820 fr |||| | fre d
040 ## - FUENTE DE CATALOGACIÓN
Centro catalogador/agencia de origen CAM
Lengua de catalogación spa
Centro/agencia transcriptor CAM
100 1# - ENTRADA PRINCIPAL--NOMBRE DE PERSONA
Nombre de persona Pradt, Dominique Dufour
Títulos y otros términos asociados al nombre Baron de (
Fechas asociadas al nombre 1759-1837)
9 (RLIN) 131340
245 10 - MENCIÓN DEL TÍTULO
Título Suite des quatre concordats /
Mención de responsabilidad, etc. par De Pradt.
260 ## - PUBLICACIÓN, DISTRIBUCIÓN, ETC.
Lugar de publicación, distribución, etc. Paris :
Nombre del editor, distribuidor, etc. Béchet ainé libraire-éditeur ;
Lugar de publicación, distribución, etc. Rouen :
Nombre del editor, distribuidor, etc. Béchet fils libraire,
Fecha de publicación, distribución, etc. 1820 (
Fabricante Imprimerie de Ve Courcier)
300 ## - DESCRIPCIÓN FÍSICA
Extensión 162, 71 p. ;
Dimensiones 19 cm.
852 ## - LOCALIZACIÓN
Ubicación ES-MaACL
Número de control de estantería G-10259
Nota libre -- Enc. hol.
Holdings
Estatus retirado Estado de pérdida Estado de daño No para préstamo Colección Biblioteca de origen Biblioteca actual Ubicación en estantería Fecha de adquisición Fuente de adquisición Total de préstamos Signatura topográfica completa Código de barras Visto por última vez Precio de reemplazo Tipo de ítem Koha
        Libros del s. XIX Biblioteca del Ateneo de Madrid Biblioteca del Ateneo de Madrid Sala Pecera Planta 3 17/01/2008     G-10259 1170267 23/02/2023 23/02/2023 Libro impreso antiguo